000 00599nam a2200241 i 4500
001 bg
100 1 _aDAVIS, Harold
_d(1953- ).
245 1 0 _aPo prostu Visual Basic 6 /
_cHarold Davis.
260 _aGliwice :
_b"Helion",
_c2000.
300 _a312 s. :
_bil. ;
_c24 cm.
490 1 _aPo Prostu
504 _aIndeks.
650 9 _aVisual Basic
655 _aPodręczniki
830 _aPo Prostu
020 _a8371972644
040 _cBPK
041 1 _apl
_ben
080 _a004.438(07)Visual Basic
920 _a83-7197-264-4
942 _cKS
008 s pl f |000 0 pol
999 _c39465
_d39465
856 _uhttp://koha.tu.koszalin.pl/cgi-bin/koha/opac-detail.pl?biblionumber=39465
_yKatalog online BPK